01820cam a22003494a 45000010005000000030019000050050017000240080041000410100017000820200030000990200018001290200027001470200022001740400023001960500016002190820016002351000020002512450120002712600032003913000048004234900046004715040059005175050007005765200575005835210022011585210018011806000051011986500057012496500088013067000042013947000034014364627FISKH978073689641220240918114635.0060207s2007 mnua j b 001 0deng  a 2006004104 a9780736864794 (hardcover) a9780736896412 a0736864792 (hardcover) a0736896414 (pbk.) aDLCcDLCdDLCbeng aTK5103.R63  a621.384092 1 aRobbins, Trina.10aHedy Lamarr and a secret communication system /cby Trina Robbins ; illustrated by Cynthia Martin and Anne Timmons. aMankato :bCapstone,c2007. a32 pages : bcolor illustrations ; c23 cm 0 aGraphic library, inventions and discovery aIncludes bibliographical references (p. 31) and index. aQ  aDiscover the brilliant life of Hedy Lamarr in this full-color graphic novel. This talented film actress became an influential scientist with her invention of a secret radio system in the early 1940s, a building block of today's wireless communications. With comic book-style illustrations and short, engaging sentences, this biography will inspire, entertain, and inform young readers about an individual who made a significant contribution to society. This must-have graphic novel includes a bibliography, extended reading list, glossary, and further Internet sources. 8 a660 bLexile GN 8 aQ bRaz-Plus 10aLamarr, Hedy,d1913-2000vJuvenile literature. 0aSpread spectrum communicationsvJuvenile literature. 0aMotion picture actors and actresseszUnited StatesvBiographyvJuvenile literature.1 aMartin, Cynthia,d1961-eIllustrator 1 aTimmons, Anne.eIllustrator